|
|
|
|
| LEADER |
01424nam a22003734a 4500 |
| 001 |
EBC361048 |
| 003 |
MiAaPQ |
| 005 |
20200520144314.0 |
| 006 |
m o d | |
| 007 |
cr cn||||||||| |
| 008 |
051201s2006 enk sb 001 0 eng |
| 010 |
|
|
|z 2005035166
|
| 020 |
|
|
|z 1845931149 (alk. paper)
|
| 020 |
|
|
|z 9781845931148 (alk. paper)
|
| 035 |
|
|
|a (MiAaPQ)EBC361048
|
| 035 |
|
|
|a (Au-PeEL)EBL361048
|
| 035 |
|
|
|a (CaPaEBR)ebr10255050
|
| 035 |
|
|
|a (CaONFJC)MIL176554
|
| 035 |
|
|
|a (OCoLC)294880861
|
| 040 |
|
|
|a MiAaPQ
|c MiAaPQ
|d MiAaPQ
|
| 043 |
|
|
|a e------
|
| 050 |
|
4 |
|a HD1920.5.Z8
|b L96 2006
|
| 082 |
0 |
4 |
|a 338.1/84
|2 22
|
| 100 |
1 |
|
|a Lynggaard, Kennet.
|
| 245 |
1 |
4 |
|a The common agricultural policy and organic farming
|h [electronic resource] /
|c K. Lynggaard.
|
| 260 |
|
|
|a Wallingford, Oxfordshire, UK ;
|a Cambridge, MA :
|b CABI Pub.,
|c c2006.
|
| 300 |
|
|
|a 223 p.
|
| 504 |
|
|
|a Includes bibliographical references (p. [204]-219) and index.
|
| 533 |
|
|
|a Electronic reproduction. Ann Arbor, MI : ProQuest, 2015. Available via World Wide Web. Access may be limited to ProQuest affiliated libraries.
|
| 650 |
|
0 |
|a Agriculture and state
|z European Union countries.
|
| 650 |
|
0 |
|a Organic farming
|x Government policy
|z European Union countries.
|
| 655 |
|
4 |
|a Electronic books.
|
| 710 |
2 |
|
|a ProQuest (Firm)
|
| 856 |
4 |
0 |
|u https://ebookcentral.proquest.com/lib/matrademy/detail.action?docID=361048
|z Click to View
|